Amsterdamse Stadsdelen op een Kaart - Statistieken

Algemene statistieken
  • Deze quiz is 203 keer genomen
    27 sinds de laatste reset
  • De gemiddelde score is 7 van 9
Antwoorden op de kaart
Antwoorden kleurgecodeerd door een groen-rode schaal op de quizkaart volgens % correct hieronder.
 
Antwoordstatistieken
Stadsdeel % Correct
Noord
100%
Oost
100%
West
100%
Zuid
100%
Centrum
95%
Zuidoost
81%
Nieuw-West
62%
Weesp
52%
Westpoort
24%
Geen overeenkomende quizzen gevonden
Scoreverdeling
Procent van Mensen met Elke Score
Percentiel versus Aantal Correcte Antwoorden
Uw Scoregeschiedenis
U heeft deze quiz nog niet genomen sinds de laatste reset